Quiz NBA #1 - Statistiques

Statistiques générales
  • Ce quiz a été pris 49 fois
  • Le résultat moyen est 7 sur 15
Statistiques - réponses
Hint Réponse % Correct
Quel joueur est surnommé "The Black Mamba" ? Kobe Bryant
86%
Quelle équipe joue au TD Garden ? Boston Celtics
73%
Quelle équipe a remporté le plus grand nombre de titres NBA dans les années 90 ? Chicago Bulls
70%
Quel est le record de 3 points en 1 match de NBA ? 14
66%
Qui a joué le plus de match en playoffs ? LeBron James
66%
Quelle joueur a été le premier unanime MVP ? Stephen Curry
66%
Quel joueur est surnommé “The Greek Freak” ? Giannis Antetokounmpo
48%
Quel joueur a été MVP des finales 2024 ? Jaylen Brown
48%
Quel joueur a remporté le plus de titres de MVP (Most Valuable Player) ? Kareem Abdul-Jabbar
43%
Quel joueur a remporté le plus de titres NBA consécutifs ? Bill Russell
39%
En quelle année a été créé la NBA ? 1946
36%
Qui a inscrit le plus de dunk dans l'histoire de la NBA ? Dwight Howard
16%
Quelle équipe a été la première à gagner un titre NBA en 1979 après sa relocalisation ? Seattle SuperSonics
14%
Quel joueur est connu pour son fameux tir à 3 points appelé "The Shot" contre Cleveland en 1989" ? Ray Allen
11%
Quelle équipe a remporté le premier titre NBA de l’ère moderne (après la fusion ABA-NBA en 1976) ? Warriors
5%
Aucun quiz correspondant
Distribution des résultats
% des personnes avec chaque résultat
Percentile par nombre de réponses
Votre historique - résultats
Vous n’avez pas pris ce quiz